000 00436nam a2200205Ia 4500
001 11758
003 GE_BSU
008 181216s||||||||xx |||||||||||||| ||und||
020 _a9780593042366
040 _cGE_BSU
080 _a821.111-314.4
100 _aMcNab,Andy
245 _aRemote Control
260 _aLondon
260 _bBantam Press
260 _c1997
300 _a410p.24cm.
653 _aRemote Control
942 _cBK
999 _c44937
_d44937